Sports Quiz

Random Sports Quiz

Ykkönen Squads 2015 Quiz Stats

 Plays Quiz not verified by Sporcle

Challenge
Share
Tweet
Embed
Score 0/230 Timer 20:00
0 Plays Today
Team Player % Correct
EIFJuuso Aalto
65.8%
TPSJere Aalto
65.8%
TPSJussi Aalto
65.8%
JJKJanne Korhonen
64.6%
HakaAnton Popovitsh
62.7%
MPSasha Popovitsh
62.7%
AC OuluAnselmi Nurmela
62.1%
HakaKalle Multanen
61.5%
AC OuluMatias Ojala
59.6%
JazzSamuli Virtanen
59.6%
JazzTommi Lehto
57.8%
MPAntti Kuismala
57.8%
HakaJoni Mäkelä
57.1%
JazzSamu-Petteri Mäkelä
57.1%
JJKTommi Kari
57.1%
PK-35Kim Raimi
57%
HakaVille Kauppinen
56.5%
PK-35Pablo Couñago
56.5%
EIFEtchu Tabe
55.3%
JJKMikko Manninen
55.3%
JJKAleksis Lehtonen
55.3%
PK-35Albert Kuqi
55.3%
PK-35Daut Kuqi
55.3%
TPSMikko Hyyrynen
55.3%
AC OuluAlessandro Marzuoli
54.7%
AC OuluJanne Hietanen
54.7%
AC OuluMorten Gerster Peipinen
54.7%
AC OuluJohannes Wentin
54%
EIFVille Viljala
54%
HakaSaku Pesonen
54%
HakaAapo Mäenpää
54%
HakaNiilo Mäenpää
54%
MPJoona Mäenpää
54%
AC OuluTommi Lindholm
53.4%
HakaCheyne Fowler
53.4%
JJKBenno Hanslian
53.4%
AC OuluLassi Nurmos
52.8%
AC OuluDritan Stafsula
52.8%
JJKJasin Abahassine
52.8%
TPSOskari Forsman
52.8%
TPSSami Rähmönen
52.8%
AC OuluTuure Siira
52.2%
HakaJuho Pirttijoki
52.2%
JazzLauri Pirhonen
52.2%
JJKTeppo Marttinen
52.2%
JJKAntto Tapaninen
52.2%
JJKAntto Hilska
52.2%
PK-35Miikka Häkkinen
52.2%
PS KemiTuomo Könönen
52.2%
TPSMatej Hradecký
52.2%
AC OuluAntti Uimaniemi
51.6%
AC OuluKemo Darboe
51.6%
HakaJari Nikkilä
51.6%
JazzTeemu Penninkangas
51.6%
MPMikko Iivanainen
51.6%
PS KemiDaniel Kollar
51.6%
PS KemiJuho-Teppo Berg
51.6%
PS KemiSaša Jovović
51.6%
AC OuluAntti Peura
50.9%
AC OuluToni Tahvanainen
50.9%
HakaMikko-Petteri Latosaari
50.9%
JazzElias Ahde
50.9%
VIFKJanne Henriksson
50.9%
EIFJohan Estlander
50.3%
EIFVille Sevón
50.3%
EIFMamadou Konaté
50.3%
PS KemiJuhani Pennanen
50.3%
PS KemiBilly Ions
50.3%
TPSAlbion Ademi
50.3%
AC OuluHenry Mäkäräinen
49.7%
JazzIlkka Santahuhta
49.7%
JJKSeveri Vielma
49.7%
JJKIiro Järvinen
49.7%
AC OuluCrispine Odula
49.1%
AC OuluNiklas Jokelainen
49.1%
EIFJonathan Jäntti
49.1%
EIFJohannes Mononen
49.1%
Team Player % Correct
EIFBenjamin Källman
49.1%
PS KemiSaku Kvist
49.1%
PS KemiCornelius Stewart
49.1%
AC OuluAleksi Lappalainen
48.4%
EIFWilliam Lindqvist
48.4%
EIFLucas Kaufmann
48.4%
HakaEetu Kaipio
48.4%
JazzJussi Välilä
48.4%
JJKNiko Markkula
48.4%
MPTuomo Hiltunen
48.4%
MPTommi Lankinen
48.4%
TPSJuri Kinnunen
48.4%
TPSSanteri Mäkinen
48.4%
AC OuluPyry Yrjänäinen
47.8%
EIFSamu Suoraniemi
47.8%
EIFSampsa Timoska
47.8%
HakaSami Sanevuori
47.8%
JazzAleksi Nurminen
47.8%
JJKMatti Lähitie
47.8%
MPHarrison Hanley
47.8%
MPDimitri Klimov
47.8%
PK-35Daniel Rantanen
47.8%
PK-35Vili Lankinen
47.8%
PS KemiJanne Turpeenniemi
47.8%
TPSSanteri Peltola
47.8%
TPSWaltteri Peltola
47.8%
AC OuluPekka Welling
47.2%
HakaMikko Innanen
47.2%
HakaJarno Mattila
47.2%
HakaKasperi Liikonen
47.2%
JazzKevin Mombilo
47.2%
JazzThéo Raymond
47.2%
JJKTeemu Vaarakallio
47.2%
MPJasse Tuominen
47.2%
TPSMikael Liespuu
47.2%
VIFKLasse Linjala
47.2%
AC OuluIiro Vandell
46.6%
EIFZacharias Ekström
46.6%
JazzRonald Karlsson
46.6%
JazzToni Junnila
46.6%
JJKRobert Taylor
46.6%
MPVili Nyström
46.6%
MPAkim Sairinen
46.6%
MPOnuray Köse
46.6%
PS KemiFelix Gustavsson
46.6%
TPSRasmus Holma
46.6%
TPSMiro Tenho
46.6%
VIFKAndreas Strandvall
46.6%
AC OuluPetteri Pietola
46%
EIFEetu Kolu
46%
JazzVille-Valtteri Starck
46%
JJKJanne Kuhmonen
46%
MPJuuso Kuronen
46%
PK-35Kosta Manev
46%
PK-35Caloi
46%
TPSArnold Uschanoff
46%
TPSRiku Sjöroos
46%
HakaLauri Hakanen
45.3%
HakaTuomas Lähdesmäki
45.3%
JazzJens Harju
45.3%
PK-35Ymer Xhaferi
45.3%
PS KemiDavid Bitsindou
45.3%
PS KemiBen Kouyaté
45.3%
TPSNiklas Friberg
45.3%
AC OuluAapo Heikkilä
44.7%
EIFVili-Verneri Roivainen
44.7%
EIFCasper Källberg
44.7%
JJKJarkko Kosunen
44.7%
PK-35Yerai
44.7%
PS KemiTuomas Tyystälä
44.7%
TPSNiklas Blomqvist
44.7%
TPSOskari Jakonen
44.7%
HakaEero-Matti Auvinen
44.1%
HakaAki Sihvonen
44.1%
HakaErkka Helminen
44.1%
JazzWaltteri Riihimäki
44.1%
JJKJoona Itkonen
44.1%
Team Player % Correct
PK-35Altin Ademaj
44.1%
PK-35Bob Diasonama
44.1%
PK-35Shaqir Rexhepi
44.1%
PS KemiAleksi Räihä
44.1%
VIFKKevin Peth
44.1%
HakaAndrew Gray
43.5%
JazzBenjamin Tuovinen
43.5%
PK-35Biran Jeng
43.5%
PS KemiBenjamin Thurling
43.5%
PS KemiSimon Thurling
43.5%
EIFLauri Bergström
42.9%
HakaJoonas Immonen
42.9%
JJKHonar Abdi
42.9%
MPErno Nissilä
42.9%
PK-35Lucas López García
42.9%
PS KemiAliu Djaló
42.9%
PS KemiVille Moilanen
42.9%
TPSJuho Montola
42.9%
VIFKArtur Lemanowicz
42.9%
VIFKJonas Pitkäkangas
42.9%
VIFKMustafa Maki
42.9%
JJKAram Hasanzada
42.2%
JJKOskari Peltonen
42.2%
MPJiri Haikonen
42.2%
PK-35Mateo
42.2%
PK-35Konsta Rasimus
42.2%
PS KemiJuho Saarinen
42.2%
PS KemiValtteri Vainionpää
42.2%
TPSJonni Peräaho
42.2%
VIFKMales Lombo
42.2%
JJKArjan Goljahanpoor
41.6%
PK-35Masar Ömer
41.6%
PS KemiKalle Taimi
41.6%
TPSAleksi Ojanperä
41.6%
TPSVille Rannikko
41.6%
VIFKIlari Antila
41.6%
TPSTim Tuomikoski
41%
VIFKJohannes Ström
41%
VIFKKristian Kokko
41%
VIFKMarkus Nordman
41%
VIFKTravis Cantrell
41%
EIFLucas Lönnqvist
40.4%
JazzTuure Mäntynen
40.4%
JazzEetu Räisänen
40.4%
MPAntti-Pekka Kesonen
40.4%
MPAntti Voutilainen
40.4%
PK-35Riku Heinonen
40.4%
PS KemiWashilly Tshibasu
40.4%
VIFKJoonas Vahtera
40.4%
MPMika Jussila
39.8%
PK-35Samu Volotinen
39.8%
PK-35Reza Heidari
39.8%
JazzSami Villanen
39.1%
JJKSaku Leppänen
39.1%
MPMiika Suhonen
39.1%
TPSIlari Mettälä
39.1%
JazzBerat Grabovci
38.5%
MPElias Inkilä
37.9%
VIFKChristian Ingo
37.9%
VIFKHugo Villför
37.9%
MPJuho Piispanen
37.3%
MPVili-Petri Vänttinen
37.3%
PS KemiArttu Pasanen
37.3%
JazzJuho Kemppinen
36.6%
MPJuuso Tuppurainen
36.6%
VIFKMerhawi Birhane
36.6%
VIFKJesse Jääskeläinen
36.6%
MPEemil Tuukkanen
35.4%
VIFKMatias Träskbäck
35.4%
VIFKChristian Österlund
35.4%
PS KemiAatu Asikainen
34.8%
VIFKWilliam Rosenlöf
34.8%
VIFKAntti Ruostekoski
34.8%
VIFKLars Kjestrup
34.8%
PK-35Mnwas Awari
34.2%
VIFKNicolas Sievers-Laine
34.2%

You're not logged in!

Compare scores with friends on all Sporcle quizzes.
OR
Log In

You Might Also Like...

Show Comments

Extras

Created Jul 1, 2015ReportNominate
Tags:2015, player, season, squad, team

Top Quizzes Today


Score Distribution

Your Account Isn't Verified!

In order to create a playlist on Sporcle, you need to verify the email address you used during registration. Go to your Sporcle Settings to finish the process.

Report this User

Report this user for behavior that violates our Community Guidelines.

Details: